00521nam a2200157 4500003000400000005001700004008004100021020000600062040002100068050002100089100002100110245010500131260007600236300001900312650003200331OSt20210729063041.0210729b ||||| |||| 00| 0 eng d a- cALUPE UNIVERSITY aJX1582b.R4 1974 a Tandon, Yashpal aReadings in African international relations / compiled and edited with commentary by Yashpal Tandon  aPublication details: Nairobi : bEast African Literature Bureau, c1974 a269p. :c23 cm aAfrica -- Foreign relations